000
00291nam a22001337a 4500
008
170908b xxu||||| |||| 00| 0 eng d
020
_a
0812916174
041
_a
eng
080
_a
91
100
_a
42
101
_a
GJEO
245
_a
THE MAKING OF A CONTINENT
_c
REDFERN,R
942
_2
udc
_c
BK
999
_c
26700
_d
26700